000 01152nam a2200325 a 4500
001 000113015
003 CHAP
005 20220329144333.0
008 170315s2016 mx sm |||||||spa d
010 _a109476
011 _a110448
040 _cCHAP
090 _aTesis
100 1 _aAriza Noriega, Michael
_9131743
245 1 0 _aHuella hídrica del cultivo de cebolla (Allium cepa L.) del DR-005, Delicias, Chihuahua
_h[En línea]
_cpor Michael Ariza Noriega.
260 _aDurango, Méx. :
_bEl autor,
_c2016.
500 _aPara ver el contenido del material haga clic en la liga
502 _aTesis (Ing. en Sistemas Agrícolas) -- UACH. Unidad Regional Universitaria de Zonas Áridas
590 _aBATCH
_b00
_c20181121
_lUCH01
_h0758
590 _aE5765TAJ
_b05
_c20170315
_lUCH01
_h1154
590 _aE5765TAJ
_b05
_c20170315
_lUCH01
_h1154
650 1 4 _aCebolla
_xFechas de siembra.
_920770
650 1 4 _aCebolla
_xIrrigación.
_920781
650 1 4 _aCebolla
_xRendimiento.
_920801
856 _a1
_n0000527
856 _aFinding aid
_uhttp://10.13.5.2/tesis/sist113015.pdf
_zTeclea aquí
901 _aBK
942 _cTESIS
942 _n0
999 _c109476
_d109476